|
|
|
|
| LEADER |
00961nam a2200253 a 4500 |
| 001 |
615509 |
| 008 |
091121s1993 nyua b 001 0 eng d |
| 010 |
|
|
|a 92022788
|
| 020 |
|
|
|a 0471599514
|
| 020 |
|
|
|a 0471513644 (acid-free paper)
|
| 040 |
|
|
|a DLC
|c DLC
|d DLC
|d DB-DhAAL
|
| 082 |
0 |
0 |
|a 330/.01/5195
|2 20
|
| 100 |
1 |
|
|a Griffiths, William E.
|
| 245 |
1 |
0 |
|a Learning and practicing econometrics /
|c William E. Griffiths, R. Carter Hill, George G. Judge.
|
| 260 |
|
|
|a New York :
|b Wiley,
|c c1993.
|
| 300 |
|
|
|a xxv, 866 p. :
|b ill. ;
|c 26 cm.
|
| 504 |
|
|
|a Includes bibliographical references and index.
|
| 541 |
1 |
|
|e 00005652
|
| 650 |
|
0 |
|a Econometrics.
|
| 700 |
1 |
|
|a Hill, R. Carter.
|
| 700 |
1 |
|
|a Judge, George G.
|
| 852 |
4 |
|
|a Ayesha Abed Library
|j General Shelf.
|
| 999 |
|
|
|c 7492
|d 7492
|
| 952 |
|
|
|0 0
|1 0
|2 ddc
|4 0
|6 330_015195000000000_GRI_1993
|7 0
|9 8061
|a BRACUL
|b BRACUL
|c GEN
|d 2010-02-14
|g 640.00
|l 8
|m 55
|o 330.015195 GRI
|p 3010005652
|r 2019-01-07
|s 2018-10-06
|t 1
|w 2010-02-14
|y BK
|